| 000 | 01299nam a2200301 4500 | ||
|---|---|---|---|
| 001 | 0000021991 | ||
| 003 | CO-CtgCURN | ||
| 005 | 20250828171340.0 | ||
| 008 | 160627s2004 000 0 eng d | ||
| 020 | _a9586483681 | ||
| 040 |
_aCO-CtgCURN _bspa _ccoctgcurn |
||
| 082 | 0 |
_a347.7 _bF465p |
|
| 100 | 1 | _aFierro Martínez, Angel María. | |
| 245 | 1 | 3 |
_aEl patrimonio de las sociedades comerciales : _baplicaciones juridicas y contables / _cAngel María Fierro M. |
| 260 |
_aBogotá : _bEcoe Ediciones, _c2004. |
||
| 300 | _axvi, 278 p. | ||
| 336 | _2rdacontent | ||
| 337 |
_2rdamedia _asin mediacion _bn |
||
| 338 |
_2rdacarrier _avolumen _bnc |
||
| 504 | _aBibliografia (p. 278) | ||
| 505 | 8 | _aEstudio de las personas.--Constitucion de negocios individuales.--Personas juridicas.--Constitucion de sociedades.--Sociedades de personas.--Sociedades de naturaleza mixta.--Sociedades de capital.--Superavit patrimonial.--Etapas economicas en la vida de la sociedad.--Estrategias | |
| 650 | 0 | _aSociedades comerciales. | |
| 908 | _a160627 | ||
| 942 |
_cBK _h347.7 _iF465p _2ddc |
||
| 999 |
_c49817 _d49817 _x3 |
||